|
|
|
|
| LEADER |
00000cas a2200000 a 4500 |
| 001 |
042643 |
| 003 |
UAHC_CL |
| 005 |
20170803124719.0 |
| 008 |
051216b xx j 000 1 eng |
| 022 |
|
|
|a 01860348
|
| 040 |
|
|
|a UAHC_CL
|c UAHC_CL
|d UAHC_CL
|
| 245 |
1 |
0 |
|a Secuencia :
|b revista de historia y ciencias sociales /
|c Instituto Mora.
|
| 260 |
|
|
|b Instituto Mora
|a México D.F
|c 1985
|
| 300 |
|
|
|a v.
|
| 500 |
|
|
|a Revista cuatrimestral
|
| 650 |
|
4 |
|a CIENCIAS SOCIALES
|
| 650 |
|
4 |
|a HISTORIA
|
| 710 |
1 |
|
|a Instituto Mora
|
| 900 |
|
|
|a SECUENCIA-NUMERO CONMEMORATIVO
|
| 942 |
|
|
|c REV
|
| 952 |
|
|
|0 0
|1 0
|4 0
|6 SECUENCIA_63_05_000000000000000
|7 0
|8 Hemeroteca
|9 79568
|a BC
|b BC
|c Hemeroteca
|d 2017-08-03
|l 0
|o SECUENCIA-63/05
|p 1351515
|r 2019-12-02 00:00:00
|t 1
|w 2017-08-03
|y REV
|
| 952 |
|
|
|0 0
|1 0
|4 0
|6 SECUENCIA_64_06_000000000000000
|7 0
|8 Hemeroteca
|9 79569
|a BC
|b BC
|c Hemeroteca
|d 2017-08-03
|l 0
|o SECUENCIA-64/06
|p 1351993
|r 2019-12-02 00:00:00
|t 1
|w 2017-08-03
|y REV
|
| 952 |
|
|
|0 0
|1 0
|4 0
|6 SECUENCIA_65_06_000000000000000
|7 0
|8 Hemeroteca
|9 79570
|a BC
|b BC
|c Hemeroteca
|d 2017-08-03
|l 0
|o SECUENCIA-65/06
|p 1353612
|r 2019-12-02 00:00:00
|t 1
|w 2017-08-03
|y REV
|
| 952 |
|
|
|0 0
|1 0
|4 0
|6 SECUENCIA_66_06_000000000000000
|7 0
|8 Hemeroteca
|9 79571
|a BC
|b BC
|c Hemeroteca
|d 2017-08-03
|l 0
|o SECUENCIA-66/06
|p 1355952
|r 2019-12-02 00:00:00
|t 1
|w 2017-08-03
|y REV
|
| 952 |
|
|
|0 0
|1 0
|4 0
|6 SECUENCIA_69_07_000000000000000
|7 0
|8 Hemeroteca
|9 79572
|a BC
|b BC
|c Hemeroteca
|d 2017-08-03
|l 0
|o SECUENCIA-69/07
|p 1362984
|r 2019-12-02 00:00:00
|t 1
|w 2017-08-03
|y REV
|
| 952 |
|
|
|0 0
|1 0
|4 0
|6 SECUENCIA_71_08_000000000000000
|7 0
|8 Hemeroteca
|9 79573
|a BC
|b BC
|c Hemeroteca
|d 2017-08-03
|l 0
|o SECUENCIA-71/08
|p 1366500
|r 2019-12-02 00:00:00
|t 1
|w 2017-08-03
|y REV
|
| 952 |
|
|
|0 0
|1 0
|4 0
|6 SECUENCIA_09_87_000000000000000
|7 0
|8 Hemeroteca
|9 79574
|a BC
|b BC
|c Hemeroteca
|d 2017-08-03
|l 0
|o SECUENCIA-09/87
|p 1372455
|r 2019-12-02 00:00:00
|t 1
|w 2017-08-03
|y REV
|
| 952 |
|
|
|0 0
|1 0
|4 0
|6 SECUENCIA_10_88_000000000000000
|7 0
|8 Hemeroteca
|9 79575
|a BC
|b BC
|c Hemeroteca
|d 2017-08-03
|l 0
|o SECUENCIA-10/88
|p 1372456
|r 2019-12-02 00:00:00
|t 1
|w 2017-08-03
|y REV
|
| 952 |
|
|
|0 0
|1 0
|4 0
|6 SECUENCIA_75_09_000000000000000
|7 0
|8 Hemeroteca
|9 79576
|a BC
|b BC
|c Hemeroteca
|d 2017-08-03
|l 0
|o SECUENCIA-75/09
|p 1376369
|r 2019-12-02 00:00:00
|t 1
|w 2017-08-03
|y REV
|
| 952 |
|
|
|0 0
|1 0
|4 0
|6 SECUENCIA_72_08_000000000000000
|7 0
|8 Hemeroteca
|9 79577
|a BC
|b BC
|c Hemeroteca
|d 2017-08-03
|l 0
|o SECUENCIA-72/08
|p 1376366
|r 2019-12-02 00:00:00
|t 1
|w 2017-08-03
|y REV
|
| 952 |
|
|
|0 0
|1 0
|4 0
|6 SECUENCIA_73_09_000000000000000
|7 0
|8 Hemeroteca
|9 79578
|a BC
|b BC
|c Hemeroteca
|d 2017-08-03
|l 0
|o SECUENCIA-73/09
|p 1376367
|r 2019-12-02 00:00:00
|t 1
|w 2017-08-03
|y REV
|
| 952 |
|
|
|0 0
|1 0
|4 0
|6 SECUENCIA_74_09_000000000000000
|7 0
|8 Hemeroteca
|9 79579
|a BC
|b BC
|c Hemeroteca
|d 2017-08-03
|l 0
|o SECUENCIA-74/09
|p 1376368
|r 2019-12-02 00:00:00
|t 1
|w 2017-08-03
|y REV
|
| 952 |
|
|
|0 0
|1 0
|4 0
|6 SECUENCIA_NUMERO_CONMEMORATIVO
|7 0
|8 Hemeroteca
|9 79580
|a BC
|b BC
|c Hemeroteca
|d 2017-08-03
|l 0
|o SECUENCIA-NUMERO CONMEMORATIVO
|p 1376370
|r 2019-12-02 00:00:00
|t 1
|w 2017-08-03
|y REV
|
| 952 |
|
|
|0 0
|1 0
|4 0
|6 SECUENCIA_76_2010_000000000000000
|7 0
|8 Hemeroteca
|9 79581
|a BC
|b BC
|c Hemeroteca
|d 2017-08-03
|l 0
|o SECUENCIA-76/2010
|p 1379064
|r 2019-12-02 00:00:00
|t 1
|w 2017-08-03
|y REV
|
| 952 |
|
|
|0 0
|1 0
|4 0
|6 SECUENCIA_78_10_000000000000000
|7 0
|8 Hemeroteca
|9 79582
|a BC
|b BC
|c Hemeroteca
|d 2017-08-03
|l 0
|o SECUENCIA-78/10
|p 1382736
|r 2019-12-02 00:00:00
|t 1
|w 2017-08-03
|y REV
|
| 952 |
|
|
|0 0
|1 0
|4 0
|6 SECUENCIA_77_10_000000000000000
|7 0
|8 Hemeroteca
|9 79583
|a BC
|b BC
|c Hemeroteca
|d 2017-08-03
|l 0
|o SECUENCIA-77/10
|p 1382738
|r 2019-12-02 00:00:00
|t 1
|w 2017-08-03
|y REV
|
| 952 |
|
|
|0 0
|1 0
|4 0
|6 SECUENCIA_79_10_000000000000000
|7 0
|8 Hemeroteca
|9 79584
|a BC
|b BC
|c Hemeroteca
|d 2017-08-03
|l 0
|o SECUENCIA-79/10
|p 1382739
|r 2019-12-02 00:00:00
|t 1
|w 2017-08-03
|y REV
|
| 999 |
|
|
|c 42643
|d 42643
|